000 00835nam a2200205Ia 4500
005 20241216011256.0
008 190429s9999||||xx |||||||||||||| ||und||
082 _a622.2927
_bM22
100 _aMANDUJANO GALARZA GERMAN ANTONIO
245 0 _aESTUDIO DEL RELLENO HIDRAULICO PARA OPTIMIZAR EL CICLO OPERATIVO DE MINADO ZONA OROYA-CIA MINERA CASAPALCA U.P.AMERICANA
_bcontiene cd
250 _a0
260 _aCERRO DE PASCO-PERU
_bUNDAC
_c2009
300 _a100 pag.
_c30 cm.
341 _h0
490 _v0
_a0
505 _aGENERELIDADES/RELLENO HIDRAULICO APLICADO EN LA CASAPALCA/ESTUDIO RELLENO HIDRAULICO PARA OPTIMIZAR EL CICLO OPERATIVO DE MINADO/ZONA OROYA/CAMBIO PARA EL EMPLEO DE LA PLANTA MACANIZADA DE RELLENO HIDRAULICO
541 _aD
_bMANDUJANO GALARZA GERMAN
_d15-Jan-10
_oSoles
650 _aMinas
942 _cTESIS
999 _c37408
_d37408